| 000 | 01266nam a22002895a 4500 | ||
|---|---|---|---|
| 003 | OSt | ||
| 005 | 20170524160416.0 | ||
| 008 | 170517s2011 su a grb 000 00 ara d | ||
| 015 | _a1431 / 1757 | ||
| 020 | _a9789960546179 | ||
| 040 |
_aEG-ScBUE _bara _cEG-ScBUE _dEG-ScBUE |
||
| 041 | 1 |
_aara _heng |
|
| 082 | 0 | 4 |
_a658.4012 _bغ ي م _222 |
| 100 | 1 | _aغيماوات، بانكاج. | |
| 240 | 1 | 0 |
_aRedefining global strategy : crossing borders in a world where differences still matter. _lArabic. |
| 245 | 1 | 0 |
_aإعادة تعريف الاستراتيجية العالمية : _bعبور الحدود في عالم مازالت فيه الفوارق والاختلافات مهمة / _cبانكاج غيماوات ؛ نقلة إلى العربية معين الإمام. |
| 250 | _aط. 1. | ||
| 260 |
_aالرياض : _bالعبيكان للنشر، _c2011. |
||
| 300 |
_a348 ص. : _bإيض. ؛ _c24 سم. |
||
| 504 | _aيشتمل على إرجاعات ببليوجرافية. | ||
| 546 | _aالنص باللغة العربية ؛ مترجم من اللغة الإنجليزية. | ||
| 650 | 7 |
_2BUEsh _aالاقتصاد الدولي. _914505 |
|
| 651 | _2BUEsh | ||
| 653 |
_bGGEN _cMay2017 |
||
| 700 | 1 |
_aمعين، الإمام، _eمترجم. |
|
| 942 | _2ddc | ||
| 999 |
_c24884 _d24856 |
||